[Event "ICS rated bullet match"]
[Site "207.99.83.227"]
[Date "1999.04.18"]
[Round "?"]
[White "Hossa"]
[Black "gorgon"]
[Result "1-0"]
[WhiteElo "2424"]
[BlackElo "2334"]
[PlyCount "75"]

1. e4 c5 2. Bc4 Nc6 3. f4 e6 4. Nc3 g6 5. Nf3 Bg7 6. O-O Nge7 7. e5 d5 8. exd6
Qxd6 9. Ne4 Qc7 10. Bb5 a6 11. Be2 Nd4 12. Nxd4 cxd4 13. d3 O-O 14. Kh1 Nd5 15.
Bd2 Bd7 16. Rc1 Bc6 17. Qe1 f5 18. Ng5 Rae8 19. Qh4 h6 20. Nf3 Ne3 21. Rfe1 e5
22. fxe5 g5 23. Qxd4 Nxg2 24. Kxg2 g4 25. Qc4+ Kh8 26. Kf1 gxf3 27. Bxf3 Rxe5
28. Bf4 Rxe1+ 29. Rxe1 Qb6 30. Bxc6 bxc6 31. b3 Qa5 32. Qxc6 Qxa2 33. Bxh6 Qb2
34. Re7 Rg8 35. Bxg7+ Rxg7 36. Qh6+ Kg8 37. Re8+ Kf7 38. Qe6# {
gorgon checkmated} 1-0

[Event "ICS rated bullet match"]
[Site "207.99.83.227"]
[Date "1999.04.18"]
[Round "?"]
[White "ajd"]
[Black "Hossa"]
[Result "0-1"]
[WhiteElo "2226"]
[BlackElo "2436"]
[PlyCount "90"]

1. d3 e5 2. g3 Nf6 3. Bg2 Be7 4. c3 d5 5. Nf3 e4 6. dxe4 Nxe4 7. Nbd2 O-O 8.
Nxe4 dxe4 9. Qxd8 Rxd8 10. Ng5 f5 11. h4 Nc6 12. Nh3 Nb4 13. O-O Nc2 14. Rb1
Be6 15. b3 Bf7 16. Rb2 Na3 17. Rd2 Nb5 18. c4 Nc3 19. Rc2 Nb1 20. Bf4 Na3 21.
Rb2 Bf6 22. Rd2 Rxd2 23. Bxd2 Nc2 24. Bf4 Bh5 25. f3 exf3 26. Bxf3 Bxf3 27.
Rxf3 Re8 28. Kf2 Nd4 29. Re3 Ne6 30. Ng5 Bd4 31. Nxe6 Rxe6 32. Kf3 Bxe3 33.
Bxe3 a6 34. Bd4 Re4 35. e3 a5 36. Bc3 a4 37. Bd4 axb3 38. axb3 h5 39. Bc3 b6
40. Bd4 c5 41. Bc3 Kf7 42. Bd2 Re7 43. Bc3 Ra7 44. Kf4 Kg6 45. Be5 45... Ra3 {
ajd resigns} 0-1

[Event "ICS rated bullet match"]
[Site "207.99.83.227"]
[Date "1999.04.18"]
[Round "?"]
[White "Hossa"]
[Black "ajd"]
[Result "1-0"]
[WhiteElo "2443"]
[BlackElo "2219"]
[PlyCount "75"]

1. e4 d5 2. exd5 e6 3. Bb5+ c6 4. dxc6 Nxc6 5. Bxc6+ bxc6 6. Ne2 Nf6 7. O-O Bd6
8. Nbc3 h5 9. d4 h4 10. h3 Nd5 11. Ne4 Bc7 12. Bg5 f6 13. Bc1 Ba6 14. Nc5 Bc8
15. Qd3 Qd6 16. f4 Nb4 17. Qg6+ Kf8 18. c3 Nd5 19. c4 Ne7 20. Qc2 Nf5 21. Qd3
a5 22. Ne4 Qd7 23. Nc5 Qd6 24. Be3 Bb6 25. Na4 Ba7 26. Bf2 Kg8 27. Rad1 Ba6 28.
Be1 Kf7 29. Bxa5 Rab8 30. Bc3 Rbd8 31. b4 Qe7 32. Nc5 Bxc5 33. bxc5 Rb8 34. Rb1
g5 35. fxg5 fxg5 36. Rxb8 Rxb8 37. g4 Kg7 38. gxf5 {ajd resigns} 1-0

[Event "ICS Rated blitz match"]
[Site "207.99.83.227"]
[Date "1999.04.18"]
[Round "?"]
[White "Prof-Moriarty"]
[Black "Hossa"]
[Result "0-1"]
[WhiteElo "2307"]
[BlackElo "2626"]
[PlyCount "56"]

1. d4 Nf6 2. Nf3 e6 3. e3 Be7 4. Bd3 O-O 5. O-O d5 6. Nbd2 b6 7. b3 Bb7 8. Bb2
Nc6 9. a3 Kh8 10. Ne5 Qd6 11. f4 Rae8 12. Rf3 Qd8 13. Rh3 Nb8 14. Bxh7 Qc8 15.
Qe1 Nxh7 16. Qe2 g6 17. Qg4 Nd7 18. Nxg6+ fxg6 19. Qxg6 Ndf6 20. Nf3 Bd6 21.
Ng5 Qd7 22. Rf1 Qg7 23. Rxh7+ Nxh7 24. Qh5 Kg8 25. Rf3 Nxg5 26. fxg5 Qh7 27.
Qg4 Bxh2+ 28. Kf1 28... Qxc2 {Prof-Moriarty resigns} 0-1

[Event "ICS rated blitz match"]
[Site "207.99.83.227"]
[Date "1999.04.18"]
[Round "?"]
[White "Hossa"]
[Black "matar"]
[Result "1-0"]
[WhiteElo "2630"]
[BlackElo "2424"]
[PlyCount "49"]

1. e4 c5 2. Bc4 e6 3. Nc3 Nc6 4. Nf3 Nf6 5. O-O d5 6. exd5 exd5 7. Bb5 Bd6 8.
Re1+ Be6 9. Ng5 O-O 10. Nxe6 fxe6 11. Rxe6 Nd4 12. Re1 Qc7 13. h3 Bh2+ 14. Kh1
a6 15. Bf1 b5 16. g3 b4 17. Kxh2 bxc3 18. dxc3 Ng4+ 19. hxg4 Rxf2+ 20. Bg2 Nf3+
21. Kh1 Qxg3 22. Qxd5+ Kf8 23. Qxa8+ Kf7 24. Qe8+ Kf6 25. Re6# {
matar checkmated} 1-0

[Event "ICS rated blitz match"]
[Site "207.99.83.227"]
[Date "1999.04.18"]
[Round "?"]
[White "Hossa"]
[Black "inmortal"]
[Result "1-0"]
[WhiteElo "2644"]
[BlackElo "2476"]
[PlyCount "47"]

1. e4 e5 2. Nf3 Nc6 3. Bc4 Nf6 4. Ng5 d5 5. exd5 Na5 6. Bb5+ c6 7. dxc6 bxc6 8.
Bd3 Nd5 9. Nf3 Bd6 10. O-O O-O 11. Nc3 f5 12. Be2 e4 13. Nd4 Qh4 14. g3 Qh3 15.
Re1 f4 16. Bf1 Qh6 17. Nxe4 fxg3 18. fxg3 Bh3 19. Bxh3 Qxh3 20. Nxd6 Rf2 21.
Kxf2 Qxh2+ 22. Kf3 Rf8+ 23. N4f5 Nc4 24. Rh1 {inmortal resigns} 1-0

[Event "ICS rated blitz match"]
[Site "207.99.83.227"]
[Date "1999.04.18"]
[Round "?"]
[White "Wanted"]
[Black "Hossa"]
[Result "1-0"]
[WhiteElo "2513"]
[BlackElo "2653"]
[Annotator "Crafty v16.6"]
[PlyCount "124"]

{annotating for player ossa  using a scoring margin of +0.10 pawns.  search
time limit is 10.00} 1. e4 1... d6 2. d4 Nf6 3. Nc3 Nbd7 4. f4 Nb6 5. Nf3 d5 6.
e5 Ne4 7. Bd3 Nxc3 8. bxc3 Bg4 9. h4 e6 10. h5 Be7 11. Qe2 Bh4+ 12. Kf1 Bg3 ({
9:+0.35} 12... Bg3 13. h6 gxh6 14. Rxh6 Qe7 15. Qe3 Qf8 16. Rxh7 Rxh7 17. Bxh7
17... O-O-O $15) ({9:+0.64} 12... Bxh5 13. Rxh4 Bxf3 14. Qe1 Be4 15. Bxe4 dxe4
16. Rg4 O-O 17. Qxe4 $15) 13. Be3 Qe7 14. a4 Nd7 15. Qd2 c5 16. Bf2 Bxf2 17.
Qxf2 Bxf3 18. Qxf3 cxd4 19. cxd4 Qb4 20. Qe3 Qb2 21. Kf2 Qc3 22. Rab1 Qc6 23.
a5 Rc8 24. Rb2 b6 25. Bb5 Qc7 26. axb6 axb6 27. f5 Qc3 28. Qxc3 Rxc3 29. Ra1
Ke7 30. Ra7 Rd8 31. h6 gxh6 32. f6+ Ke8 33. Rba2 Rcc8 34. Ke3 h5 35. Kd3 h6 36.
Rb7 Rb8 37. Rxb8 Rxb8 38. Ra7 Rd8 39. g3 Kf8 40. Bxd7 Kg8 41. Rc7 Rb8 42. Rc8+
Rxc8 43. Bxc8 Kh7 44. Ke3 Kg8 45. Ba6 Kh7 46. Be2 Kg6 47. Kf4 Kh7 48. Bxh5 Kg8
49. Ke3 Kf8 50. Kd3 Kg8 51. Kc3 Kf8 52. Kb4 Ke8 53. Kb5 Kf8 54. Kxb6 Kg8 55.
Kc7 Kf8 56. Kd7 Kg8 57. Ke7 Kh7 58. Bxf7 h5 59. Bxe6 Kh6 60. f7 Kg6 61. f8=Q h4
62. Qf6+ Kh7 1-0

[Event "ICS rated blitz match"]
[Site "207.99.83.227"]
[Date "1999.04.18"]
[Round "?"]
[White "Hossa"]
[Black "Speedy"]
[Result "1-0"]
[WhiteElo "2631"]
[BlackElo "2325"]
[PlyCount "101"]

1. e4 c5 2. Bc4 a6 3. Nc3 b5 4. Bxf7+ Kxf7 5. Qh5+ g6 6. Qd5+ e6 7. Qxa8 Nc6 8.
Nf3 Qc7 9. d3 b4 10. Na4 Bd6 11. Ng5+ Ke7 12. e5 Bxe5 13. Be3 d6 14. Nb6 Bb7
15. Qf8+ Kxf8 16. Nxe6+ Kf7 17. Nxc7 Bxb2 18. Nc4 Bxa1 19. Nxd6+ Kg7 20. Nxb7
Bc3+ 21. Bd2 Bxd2+ 22. Kxd2 c4 23. Nxa6 b3 24. cxb3 cxb3 25. axb3 Nf6 26. Nac5
Re8 27. Rc1 Nd4 28. Rc4 Re2+ 29. Kd1 Rxf2 30. Rxd4 Rxg2 31. Ne6+ Kh6 32. Rh4+
Nh5 33. Nf4 Rg1+ 34. Kc2 Kg5 35. Rxh5+ gxh5 36. Nh3+ Kh4 37. Nxg1 Kg4 38. Nd6
h4 39. d4 h3 40. Nf7 Kf4 41. Nxh3+ Ke3 42. Nh6 Kf3 43. Ng5+ Kg2 44. Nxh7 Kxh2
45. d5 Kh3 46. d6 Kh2 47. d7 Kg3 48. d8=Q Kf2 49. Qd3 Kg2 50. Ng4 Kh1 51. Qf1#
{Speedy checkmated} 1-0

[Event "ICS rated bullet match"]
[Site "207.99.83.227"]
[Date "1999.04.18"]
[Round "?"]
[White "TDChess"]
[Black "Hossa"]
[Result "1/2-1/2"]
[WhiteElo "2519"]
[BlackElo "2450"]
[PlyCount "119"]

1. d4 Nf6 2. Nf3 e6 3. e3 Be7 4. Nc3 O-O 5. Bd3 d5 6. O-O c5 7. b3 Nc6 8. Ne5
Nb4 9. Bb5 a6 10. Be2 Qc7 11. Bb2 Bd6 12. f4 cxd4 13. exd4 b6 14. Qd2 Bb7 15.
a3 Nc6 16. Na2 Ne4 17. Qd1 f6 18. Nd3 Qe7 19. a4 Rac8 20. Qe1 e5 21. dxe5 fxe5
22. Bg4 Rce8 23. Bxe5 Nxe5 24. fxe5 Bxe5 25. Rxf8+ Rxf8 26. Rc1 Qd6 27. g3 Bd4+
28. Kg2 Qa3 29. Qb4 Qxb4 30. Naxb4 Kh8 31. Nf4 Be3 32. Rf1 Bxf4 33. Rxf4 Rxf4
34. gxf4 a5 35. Nd3 Nc3 36. Ne5 Ba6 37. Nd7 Bc8 38. h3 Bxd7 39. Bxd7 Kg8 40.
Bg4 Kf7 41. h4 Kf6 42. h5 b5 43. axb5 Nxb5 44. Be2 Nc3 45. Bd3 g6 46. hxg6 hxg6
47. Kf3 a4 48. bxa4 Nxa4 49. Ke3 Nc5 50. Bb5 Ne6 51. Bc6 Nc7 52. Ba4 Ke6 53. c3
Na8 54. Bb3 Nb6 55. Kd4 Kf5 56. Bc2+ Kxf4 57. Bxg6 Na4 58. Bc2 Nxc3 59. Bb1 Ne4
60. Kxd5 {Game drawn because neither player has mating material} 1/2-1/2

[Event "ICS rated blitz match"]
[Site "207.99.83.227"]
[Date "1999.04.18"]
[Round "?"]
[White "Wanted"]
[Black "Hossa"]
[Result "1-0"]
[WhiteElo "2511"]
[BlackElo "2636"]
[Annotator "Crafty v16.6"]
[PlyCount "127"]

{annotating for player ossa  using a scoring margin of +0.10 pawns.  search
time limit is 10.00} 1. e4 1... c5 2. Nf3 Nc6 3. Bb5 a6 4. Bxc6 dxc6 5. d3 Qc7
({9:-0.81} 5... Qc7 6. O-O Bg4 7. Nbd2 e6 8. Nc4 Nf6 9. Ne3 9... Bh5 $16) ({
9:-0.55} 5... c4 6. O-O cxd3 7. cxd3 Bg4 8. Bf4 e6 9. Nc3 Qf6 10. Bc7 Bxf3 11.
Qxf3 Qxf3 12. gxf3 $14) 6. Be3 e5 7. Nbd2 Be7 8. a4 Nf6 9. h3 O-O 10. a5 Be6
11. Ng5 Bd7 12. Nc4 Rad8 13. O-O h6 14. Nf3 Be6 15. Ncd2 Rd7 16. Qe2 Kh8 17. b3
Rdd8 18. Nc4 Nd7 19. Nfd2 Bd6 20. Kh1 Nf6 21. Nxd6 Qxd6 22. f4 exf4 23. Rxf4
Qe5 24. Re1 Nh5 25. Rf3 Ng3+ 26. Rxg3 Qxg3 27. Bxc5 Rfe8 28. Nf3 Bxh3 29. gxh3
Rd5 30. Bg1 Qxh3+ 31. Bh2 Rxa5 32. Rg1 Rg8 33. Nd4 Qh4 34. Nf5 Qf6 35. Qg4 Ra2
36. d4 Qe6 37. Qg2 g5 38. Rf1 Rd8 39. e5 Qg6 40. Qh3 h5 41. c3 Qh7 42. Qe3 Rg8
43. Ne7 Rg7 44. e6 f6 45. Nf5 Rg8 46. c4 b5 47. d5 bxc4 48. d6 cxb3 49. Qxb3
Ra5 50. Qc2 Rd5 51. e7 g4 52. d7 Rxd7 53. Qxc6 Rxe7 54. Qxf6+ Reg7 55. Be5 Re8
56. Bd4 Reg8 57. Nxg7 Qe4+ 58. Kg1 Kh7 59. Nf5 Qxd4+ 60. Qxd4 Rg5 61. Qd7+ Kh8
62. Qd8+ Rg8 63. Qf6+ Kh7 64. Qh6# 1-0

[Event "ICS rated blitz match"]
[Site "207.99.83.227"]
[Date "1999.04.19"]
[Round "?"]
[White "Hossa"]
[Black "Pseudorandom"]
[Result "1-0"]
[WhiteElo "2614"]
[BlackElo "2244"]
[PlyCount "35"]

1. e4 e6 2. Nf3 d5 3. e5 Bb4 4. c3 Be7 5. d4 c5 6. Bd3 Nc6 7. O-O Qb6 8. dxc5
Bxc5 9. Qc2 Bd7 10. Bxh7 Rd8 11. Bxg8 Rxg8 12. Qh7 Kf8 13. b3 Ne7 14. b4 Bxb4
15. cxb4 Qxb4 16. Be3 Bb5 17. Rc1 Nf5 18. Bc5+ {Pseudorandom resigns} 1-0

[Event "ICS rated blitz match"]
[Site "207.99.83.227"]
[Date "1999.04.19"]
[Round "?"]
[White "ColonialPast"]
[Black "Hossa"]
[Result "0-1"]
[WhiteElo "2150"]
[BlackElo "2617"]
[PlyCount "46"]

1. e4 d6 2. d4 c5 3. Nf3 cxd4 4. Nxd4 Nf6 5. Nc3 e6 6. h3 Be7 7. g4 Nc6 8. Bg2
O-O 9. O-O Nxd4 10. Qxd4 Ne8 11. Qd3 Bf6 12. Be3 Bd7 13. Rad1 Be5 14. f4 Bxc3
15. Qxc3 Rc8 16. Qb3 b6 17. g5 Qc7 18. c3 Kh8 19. h4 Qb8 20. Kf2 Bc6 21. Bf3
Qb7 22. Qc2 f5 23. Bd4 23... fxe4 {ColonialPast resigns} 0-1

[Event "ICS rated blitz match"]
[Site "207.99.83.227"]
[Date "1999.04.19"]
[Round "?"]
[White "Hossa"]
[Black "ColonialPast"]
[Result "1-0"]
[WhiteElo "2619"]
[BlackElo "2148"]
[PlyCount "45"]

1. e4 c6 2. Nc3 d5 3. exd5 cxd5 4. Bb5+ Nc6 5. Nf3 a6 6. Bxc6+ bxc6 7. O-O e6
8. d3 Be7 9. Ne5 Bb7 10. Qh5 g6 11. Qh3 Nf6 12. Bh6 Bf8 13. Rad1 Nh5 14. Bxf8
Kxf8 15. d4 Kg7 16. Na4 Qc7 17. Nc5 a5 18. Qxe6 Rhe8 19. Qd7 Qxd7 20. Nexd7 Ba6
21. Rfe1 Nf6 22. Rxe8 Nxe8 23. Ne5 {ColonialPast resigns} 1-0

[Event "ICS rated blitz match"]
[Site "207.99.83.227"]
[Date "1999.04.19"]
[Round "?"]
[White "ColonialPast"]
[Black "Hossa"]
[Result "1-0"]
[WhiteElo "2146"]
[BlackElo "2621"]
[Annotator "Crafty v16.6"]
[PlyCount "78"]

{annotating for player ossa  using a scoring margin of +0.10 pawns.  search
time limit is 10.00} 1. e4 1... c5 2. Nf3 Nc6 3. d4 cxd4 4. Nxd4 Qb6 5. Nb3 Nf6
6. Nc3 e6 7. a3 Be7 8. Bd3 Qd8 9. O-O O-O 10. f4 d6 11. Qf3 Bd7 12. Be3 Kh8 13.
Kh1 Rb8 14. h3 Rc8 15. Qf2 b6 16. Rad1 Rg8 17. g4 Qf8 18. g5 Ne8 19. Qh4 Rd8
20. Nd4 Nc7 21. Nxc6 Bxc6 22. Kh2 Bb7 23. f5 exf5 24. exf5 f6 25. g6 h6 26.
Rde1 Re8 27. Bf4 Ba6 28. Bxa6 Nxa6 29. Nd5 Nc5 30. Nxe7 Rxe7 31. Rxe7 Qxe7 32.
Bxh6 Qe2+ 33. Rf2 Qxf2+ 34. Qxf2 gxh6 35. Qd4 Ne6 36. fxe6 Kg7 37. Qxd6 Kxg6
38. e7 Re8 39. Qe6 b5 1-0

[Event "ICS rated blitz match"]
[Site "207.99.83.227"]
[Date "1999.04.19"]
[Round "?"]
[White "ColonialPast"]
[Black "Hossa"]
[Result "1/2-1/2"]
[WhiteElo "2173"]
[BlackElo "2594"]
[PlyCount "92"]

1. e4 c5 2. Nf3 Nc6 3. d4 cxd4 4. Nxd4 Qb6 5. Nb3 Nf6 6. Nc3 d6 7. Be3 Qc7 8.
f3 e6 9. Qd2 Be7 10. O-O-O a6 11. Kb1 O-O 12. g4 Rd8 13. Qf2 Nd7 14. h4 b5 15.
g5 Bb7 16. h5 Nce5 17. Be2 b4 18. Na4 Rdb8 19. Nb6 Bxe4 20. fxe4 Nxb6 21. g6
fxg6 22. hxg6 Nxg6 23. Qh2 Nf8 24. e5 Nd5 25. Bd4 Rd8 26. Bd3 h6 27. Rdg1 Bg5
28. exd6 Qxd6 29. Be5 Qd7 30. Rxg5 hxg5 31. Qh8+ Kf7 32. Qxg7+ Ke8 33. Qxg5 Qc8
34. Rh8 Kd7 35. Nd4 Re8 36. Rg8 Ne7 37. Rg7 Qb7 38. b3 Qd5 39. Qg3 Qh1+ 40. Kb2
Qb7 41. Bc4 Qe4 42. Bd3 Qh1 43. Bc4 Qe4 44. Bd3 Qh1 45. Bc4 Qe4 46. Bd3 46...
Qh1 {Game drawn by repetition} 1/2-1/2

[Event "ICS rated blitz match"]
[Site "207.99.83.227"]
[Date "1999.04.19"]
[Round "?"]
[White "Hossa"]
[Black "ColonialPast"]
[Result "1-0"]
[WhiteElo "2581"]
[BlackElo "2186"]
[PlyCount "85"]

1. e4 c6 2. Nc3 d5 3. exd5 cxd5 4. Bb5+ Nc6 5. Nf3 Nf6 6. O-O e6 7. Ne5 Bd7 8.
Nxd7 Qxd7 9. d3 a6 10. Bxc6 bxc6 11. Bg5 Be7 12. Na4 Qc7 13. Qf3 O-O 14. Rae1
Rfe8 15. Bf4 Bd6 16. Bxd6 Qxd6 17. c3 Rab8 18. Kh1 e5 19. Qf5 e4 20. d4 Qe6 21.
Qxe6 Rxe6 22. Nc5 Ree8 23. b3 a5 24. a3 Re7 25. b4 axb4 26. cxb4 Ra7 27. Re3
Nd7 28. Nxd7 Rxd7 29. Rc1 Rb6 30. Rc5 Ra7 31. g4 h6 32. Rec3 Rba6 33. Rxc6 Rxc6
34. Rxc6 Rxa3 35. Rc5 Rb3 36. b5 Kf8 37. Rxd5 f6 38. Kg2 Ke7 39. Kf1 Ke6 40.
Rc5 Kd6 41. Ke2 Rd3 42. b6 Rxd4 43. Rb5 {ColonialPast resigns} 1-0

[Event "ICS rated blitz match"]
[Site "207.99.83.227"]
[Date "1999.04.19"]
[Round "?"]
[White "Hossa"]
[Black "ColonialPast"]
[Result "1-0"]
[WhiteElo "2588"]
[BlackElo "2173"]
[PlyCount "119"]

1. e4 c6 2. Nc3 d5 3. exd5 cxd5 4. Bb5+ Nc6 5. Nf3 Nf6 6. O-O e6 7. Ne5 Bd7 8.
Nxd7 Qxd7 9. d3 a6 10. Bxc6 Qxc6 11. Bg5 Be7 12. Qf3 O-O 13. Rae1 Rfe8 14. Kh1
Rac8 15. Qe3 b5 16. Re2 Nd7 17. Bxe7 Rxe7 18. Qg5 Nf6 19. Re3 Rec7 20. Rg3 Ne8
21. Rg4 Qd6 22. Qh4 Qe7 23. Qxe7 Rxe7 24. Re1 Nf6 25. Rh4 Rec7 26. Kg1 Rc5 27.
a4 bxa4 28. Rxa4 R5c6 29. Re2 Rb6 30. Nd1 Nd7 31. h4 Nc5 32. Ra2 Rb4 33. g3 Ra4
34. Rxa4 Nxa4 35. d4 Rb8 36. b3 Nb6 37. Ne3 Rc8 38. Re1 a5 39. Ra1 Ra8 40. c4
dxc4 41. bxc4 a4 42. c5 Nd5 43. Nxd5 exd5 44. Ra3 Kf8 45. g4 Ke7 46. h5 Kd7 47.
Kg2 Kc6 48. Kf3 Kb5 49. Ke3 Kb4 50. Ra1 a3 51. g5 a2 52. Kf4 Kb3 53. Ke5 Kb2
54. Rxa2+ Kxa2 55. Kxd5 Kb3 56. c6 Rd8+ 57. Kc5 Ka4 58. d5 Ka5 59. d6 Ka6 60.
d7 {ColonialPast resigns} 1-0

[Event "ICS rated blitz match"]
[Site "207.99.83.227"]
[Date "1999.04.19"]
[Round "?"]
[White "ColonialPast"]
[Black "Hossa"]
[Result "0-1"]
[WhiteElo "2170"]
[BlackElo "2591"]
[PlyCount "72"]

1. e4 c5 2. Nf3 Nc6 3. d4 cxd4 4. Nxd4 Qb6 5. Nb3 Nf6 6. Nc3 d6 7. Be3 Qc7 8.
f3 e6 9. Qd2 Be7 10. O-O-O a6 11. Kb1 O-O 12. h4 b5 13. Qf2 Bd7 14. h5 Rfc8 15.
g4 Ne5 16. Rc1 b4 17. Ne2 Bc6 18. Ned4 d5 19. g5 Nfd7 20. g6 hxg6 21. hxg6 Nxg6
22. Nxc6 Qxc6 23. Nd4 Qb6 24. Qh2 Bc5 25. exd5 Bxd4 26. Bxd4 Qxd4 27. dxe6 fxe6
28. Bd3 Ndf8 29. Rcg1 Kf7 30. Be4 Rab8 31. Rd1 Qc5 32. Qg3 Qc7 33. Rhg1 Qxg3
34. Rxg3 Nf4 35. Rg4 e5 36. Rdg1 36... N8e6 {ColonialPast resigns} 0-1

[Event "ICS rated blitz match"]
[Site "207.99.83.227"]
[Date "1999.04.19"]
[Round "?"]
[White "ColonialPast"]
[Black "Hossa"]
[Result "0-1"]
[WhiteElo "2164"]
[BlackElo "2597"]
[PlyCount "76"]

1. e4 c5 2. Nf3 Nc6 3. d4 cxd4 4. Nxd4 Qb6 5. Nb3 Nf6 6. Nc3 d6 7. Be3 Qc7 8.
f3 e6 9. Qd2 Be7 10. g4 O-O 11. Qf2 Bd7 12. g5 Ne8 13. h4 f5 14. Qh2 Ne5 15.
Be2 fxe4 16. fxe4 b5 17. O-O-O b4 18. Nb5 Qb7 19. N5d4 Qxe4 20. Qh3 Nc7 21.
Rhf1 Nd5 22. Bg1 Nf4 23. Qe3 Nxe2+ 24. Qxe2 Qxh4 25. Be3 Bxg5 26. Bxg5 Qxg5+
27. Kb1 Qe7 28. Rg1 Ba4 29. Rg2 Bxb3 30. axb3 Rf6 31. Rdg1 Ng6 32. Qh5 Qf7 33.
Ka2 Qb7 34. Kb1 Raf8 35. Qh1 e5 36. Ne2 Qc6 37. Ng3 d5 38. Nh5 38... Rf2 {
ColonialPast resigns} 0-1

[Event "ICS rated blitz match"]
[Site "207.99.83.227"]
[Date "1999.04.19"]
[Round "?"]
[White "Hossa"]
[Black "ColonialPast"]
[Result "1-0"]
[WhiteElo "2599"]
[BlackElo "2162"]
[PlyCount "55"]

1. e4 c6 2. Nc3 d5 3. exd5 cxd5 4. Bb5+ Nc6 5. Nf3 Nf6 6. O-O e6 7. Ne5 Bd7 8.
Nxd7 Qxd7 9. d3 a6 10. Bxc6 Qxc6 11. Bg5 Be7 12. Qf3 O-O 13. Rae1 Rfe8 14. Kh1
Qb6 15. Nd1 Qb4 16. Bf4 Rac8 17. c3 Qa5 18. a3 Qb6 19. Qg3 Kh8 20. Be5 Qd8 21.
Ne3 Rg8 22. Qg5 Nd7 23. Qh5 Bf6 24. d4 g6 25. Bxf6+ Qxf6 26. Qh3 Qg7 27. Nxd5
exd5 28. Qxd7 {ColonialPast resigns} 1-0

[Event "ICS rated blitz match"]
[Site "207.99.83.227"]
[Date "1999.04.19"]
[Round "?"]
[White "ColonialPast"]
[Black "Hossa"]
[Result "1/2-1/2"]
[WhiteElo "2160"]
[BlackElo "2601"]
[PlyCount "98"]

1. e4 e5 2. Nf3 Nc6 3. Bb5 a6 4. Ba4 Nf6 5. O-O Be7 6. Bxc6 dxc6 7. d3 Bg4 8.
h3 Bxf3 9. Qxf3 O-O 10. Nd2 Qd7 11. Nc4 Qe6 12. Bd2 Rad8 13. Bc3 b5 14. Ne3 Bd6
15. b3 Kh8 16. Qf5 Qxf5 17. Nxf5 Nh5 18. g4 Nf4 19. Kh2 Rg8 20. Rae1 Rdf8 21.
Bd2 Ne6 22. f4 f6 23. Nxd6 cxd6 24. fxe5 fxe5 25. Be3 c5 26. Kg3 g5 27. h4
gxh4+ 28. Kxh4 Nd4 29. Bxd4 cxd4 30. Rf5 Rc8 31. Re2 Rc6 32. Ref2 Rgc8 33. Rf8+
Rxf8 34. Rxf8+ Kg7 35. Rf2 b4 36. Kg5 d5 37. exd5 Rg6+ 38. Kh4 Rd6 39. Kg5 h6+
40. Kh4 Rxd5 41. Kg3 Rc5 42. Kf3 Kg6 43. Ke4 Kg5 44. Rg2 Kf6 45. Rf2+ Kg6 46.
Rg2 Kf7 47. Rf2+ Kg6 48. Rg2 Kf7 49. Rf2+ 49... Kg6 {Game drawn by repetition}
1/2-1/2

[Event "ICS rated blitz match"]
[Site "207.99.83.227"]
[Date "1999.04.19"]
[Round "?"]
[White "Hossa"]
[Black "ColonialPast"]
[Result "1/2-1/2"]
[WhiteElo "2587"]
[BlackElo "2174"]
[PlyCount "97"]

1. e4 c6 2. Nc3 d5 3. exd5 cxd5 4. Bb5+ Nc6 5. Nf3 Nf6 6. O-O e6 7. Ne5 Bd7 8.
Nxd7 Qxd7 9. d3 a6 10. Bxc6 bxc6 11. Na4 Qc7 12. Bg5 Be7 13. Qf3 c5 14. Rae1
O-O 15. Qg3 Qxg3 16. fxg3 Rac8 17. Nb6 Rc7 18. a4 Re8 19. Bxf6 Bxf6 20. Rxf6
gxf6 21. Nxd5 Rb7 22. Nxf6+ Kf8 23. Nxe8 Kxe8 24. b3 Kd7 25. Re5 Kd6 26. Rg5 f6
27. Rg8 Ke5 28. Ra8 Rb6 29. Ra7 Kd4 30. Rxh7 Kc3 31. a5 Rc6 32. Rb7 Kxc2 33.
Rb6 Rc8 34. Rxa6 Kxb3 35. Rxe6 Kc3 36. Rxf6 Kxd3 37. Rf3+ Kd2 38. a6 c4 39.
Rf2+ Kd3 40. a7 Ra8 41. Rf7 c3 42. Rf3+ Kd2 43. Rf2+ Kd1 44. Rf7 c2 45. Rd7+
Ke2 46. Rc7 Kd2 47. Rd7+ Ke2 48. Rc7 Kd2 49. Rd7+ {
Game drawn by mutual agreement} 1/2-1/2

[Event "ICS Rated blitz match"]
[Site "207.99.83.227"]
[Date "1999.04.19"]
[Round "?"]
[White "Hossa"]
[Black "ColonialPast"]
[Result "1-0"]
[WhiteElo "2577"]
[BlackElo "2180"]
[PlyCount "83"]

1. e4 c6 2. Nc3 d5 3. exd5 cxd5 4. Bb5+ Nc6 5. Nf3 Nf6 6. O-O e6 7. Ne5 Bd7 8.
Nxd7 Qxd7 9. d3 a6 10. Bxc6 bxc6 11. Bg5 Be7 12. Na4 Rb8 13. b3 O-O 14. Qf3 Qc7
15. Rae1 Rfe8 16. Kh1 Nd7 17. Bxe7 Rxe7 18. Qg4 e5 19. Qg5 Re6 20. Re3 Rg6 21.
Qf5 Rf6 22. Qg4 Rg6 23. Qh4 Rh6 24. Qg3 Rg6 25. Qf3 Rf6 26. Qe2 Rh6 27. Rg3 f5
28. Kg1 Re8 29. Rg5 Rf8 30. Re1 e4 31. Rh5 Rff6 32. d4 a5 33. c4 Rxh5 34. Qxh5
Rh6 35. Qe8+ Nf8 36. Qe5 Qxe5 37. dxe5 Re6 38. cxd5 cxd5 39. Rd1 Rxe5 40. Nb6
Re6 41. Nxd5 Rd6 42. Ne7+ {ColonialPast resigns} 1-0

[Event "ICS rated blitz match"]
[Site "207.99.83.227"]
[Date "1999.04.19"]
[Round "?"]
[White "ColonialPast"]
[Black "Hossa"]
[Result "0-1"]
[WhiteElo "2177"]
[BlackElo "2580"]
[PlyCount "98"]

1. e4 e5 2. Nf3 Nc6 3. Bb5 a6 4. Ba4 Nf6 5. O-O b5 6. Bb3 Be7 7. d4 exd4 8. e5
Ng4 9. Bd5 f6 10. Bxc6 dxc6 11. Nxd4 Nxe5 12. Bf4 Bg4 13. Qd2 Qd7 14. Bxe5 fxe5
15. Nb3 O-O 16. Qxd7 Bxd7 17. N1d2 Bf5 18. c3 Rad8 19. Rfe1 Bf6 20. Ne4 Bxe4
21. Rxe4 Rf7 22. Rae1 h5 23. Kf1 Kh7 24. Nc5 a5 25. a4 Rd2 26. R4e2 Rxe2 27.
Rxe2 Rf8 28. Re4 Rd8 29. Ke2 Kh6 30. Nb3 Ra8 31. Nc5 Kg6 32. f3 Rd8 33. Nb3 Rb8
34. Nxa5 bxa4 35. Nc4 Kh7 36. Kd3 Rb5 37. Kc2 Rd5 38. Na3 Bg5 39. Nb1 Ra5 40.
Na3 g6 41. Nc4 Rd5 42. Rxe5 Rxe5 43. Nxe5 Bf4 44. Nxc6 Bxh2 45. Nd4 Kh6 46. c4
Kg5 47. Nb5 Kh4 48. g4 hxg4 49. fxg4 49... Be5 {ColonialPast resigns} 0-1

[Event "ICS rated blitz match"]
[Site "207.99.83.227"]
[Date "1999.04.19"]
[Round "?"]
[White "Hossa"]
[Black "ColonialPast"]
[Result "1-0"]
[WhiteElo "2583"]
[BlackElo "2174"]
[PlyCount "157"]

1. e4 c6 2. Nc3 d5 3. exd5 cxd5 4. Bb5+ Nc6 5. Nf3 Nf6 6. O-O e6 7. Ne5 Bd7 8.
Nxd7 Qxd7 9. d3 a6 10. Bxc6 bxc6 11. Bg5 Be7 12. Na4 Qc7 13. Qf3 O-O 14. Rae1
Rfe8 15. Bf4 Bd6 16. Bxd6 Qxd6 17. c3 Nd7 18. Qg4 e5 19. Kh1 Re6 20. c4 Rg6 21.
Qf5 Rf6 22. Qh3 Rh6 23. Qg3 Rg6 24. Qe3 Re6 25. c5 Qe7 26. Nb6 Nxb6 27. cxb6 c5
28. a4 a5 29. Rc1 Rc6 30. Rfe1 f6 31. f4 Rxb6 32. Rxc5 d4 33. Qe4 Qb7 34. Qxb7
Rxb7 35. fxe5 fxe5 36. Rexe5 Rxb2 37. h4 Rb3 38. Rxa5 Rxa5 39. Rxa5 Rxd3 40.
Rd5 Rd1+ 41. Kh2 d3 42. Kg3 d2 43. Kf3 Ra1 44. Rxd2 Rxa4 45. h5 h6 46. Rd7 Rb4
47. g4 Ra4 48. Rb7 Rc4 49. Re7 Ra4 50. Rc7 Rb4 51. Kg3 Ra4 52. Rb7 Rc4 53. Rd7
Ra4 54. Kf3 Rb4 55. Rc7 Ra4 56. Re7 Rb4 57. Kg3 Ra4 58. Rd7 Rb4 59. Ra7 Rc4 60.
Rb7 Ra4 61. Rb8+ Kf7 62. Rd8 Rb4 63. Rd2 Ra4 64. Rd6 Rb4 65. Rd1 Ra4 66. Rf1+
Kg8 67. Re1 Rb4 68. Rd1 Ra4 69. Kf3 Kf7 70. Rd5 Rb4 71. Rd8 Ra4 72. Rd3 Rb4 73.
Rd6 Ra4 74. Rd2 Rb4 75. Rd5 Ra4 76. Rc5 Rb4 77. Rc8 Ra4 78. Rb8 Rb4 79. Rxb4 {
ColonialPast resigns} 1-0

[Event "ICS Rated bullet match"]
[Site "207.99.83.227"]
[Date "1999.04.19"]
[Round "?"]
[White "TDChess"]
[Black "Hossa"]
[Result "0-1"]
[WhiteElo "2542"]
[BlackElo "2432"]
[PlyCount "76"]

1. d4 Nf6 2. Nf3 e6 3. e3 Be7 4. Nc3 O-O 5. Bd3 d5 6. O-O c5 7. b3 Nc6 8. Ne5
Nb4 9. Bb5 a6 10. Be2 Qc7 11. Bb2 Bd6 12. f4 cxd4 13. exd4 b6 14. Qd2 Bb7 15.
a3 Nc6 16. Na2 Ne4 17. Qd1 f6 18. Nd3 Qe7 19. a4 Rac8 20. Qe1 e5 21. dxe5 fxe5
22. Bg4 Rce8 23. Bxe5 Nxe5 24. fxe5 Bxe5 25. Rc1 Bd4+ 26. Kh1 Bf2 27. Qb4 Qh4
28. Nxf2 Nxf2+ 29. Kg1 Nxg4 30. h3 d4 31. hxg4 Qxg4 32. Rxf8+ Rxf8 33. Qd2 Re8
34. Kf1 Qh5 35. Kf2 Qh2 36. Qg5 Bxg2 37. Qxg2 Rf8+ 38. Ke1 38... Qxg2 {
TDChess resigns} 0-1